20 Ways to Cook Eggs Quiz Stats

 Plays Quiz Updated Mar 8, 2020

Support Sporcle.
Go Orange.
Score 0/20 Timer 05:00
4 Plays Today
% Correct
French toast
94.6%
Fried eggs
88.8%
Boiled egg
88.2%
Pancakes
85.6%
Eggs Benedict
85.5%
Poached eggs
82.9%
Meringues
81.3%
Pickled eggs
80.2%
Scrambled eggs
78.9%
Cheese soufflé
69.9%
% Correct
Omelette aux fines herbes
68%
Quiche Lorraine
67.9%
Victoria sandwich cake
65.6%
Hollandaise sauce
65%
Angel cake
63.4%
Scotch egg
62.3%
Egg custard sauce
60.7%
Mayonnaise
58.4%
Tortilla (Spanish omelette)
54.7%
Eggs en cocotte
53.5%

From the Vault

Prostitutes in Literature

by THEJMAN

If you're looking for a thesis for your literature class, comparing character types is a good way to go.
Remove Ads.
Support Sporcle.
Get the best of Sporcle when you Go Orange. This ad-free experience offers more features, more stats, and more fun while also helping to support Sporcle. Thank you for becoming a member.

Show Comments

Extras

Top Quizzes Today


Score Distribution

Your Account Isn't Verified!

In order to create a playlist on Sporcle, you need to verify the email address you used during registration. Go to your Sporcle Settings to finish the process.

Report this User

Report this user for behavior that violates our Community Guidelines.

Details: